ARRUPE JESUIT UNIVERSITY

CORONAVIRUS -STOP THE SPREAD - CLEAN,DISINFECT,COVER

Interesting times : (Record no. 130740)

MARC details
000 -LEADER
fixed length control field 01027pam a22003017a 4500
001 - CONTROL NUMBER
control field 14376748
003 - CONTROL NUMBER IDENTIFIER
control field ARRUPE
005 - DATE AND TIME OF LATEST TRANSACTION
control field 20211008111746.0
008 - FIXED-LENGTH DATA ELEMENTS--GENERAL INFORMATION
fixed length control field 060515s2005 at ac bc 000 0deng c
010 ## - LIBRARY OF CONGRESS CONTROL NUMBER
LC control number 2006404180
020 ## - INTERNATIONAL STANDARD BOOK NUMBER
International Standard Book Number 1921034033 (pbk.)
037 ## - SOURCE OF ACQUISITION
Source of stock number/acquisition MCA Store, Level 1, 140 George St, Sydney NSW 2000
040 ## - CATALOGING SOURCE
Original cataloging agency ANL
Language of cataloging eng
Transcribing agency DLC
Modifying agency ANL
-- DLC
042 ## - AUTHENTICATION CODE
Authentication code pcc
043 ## - GEOGRAPHIC AREA CODE
Geographic area code u-at---
050 00 - LIBRARY OF CONGRESS CALL NUMBER
Classification number N7400.2
Item number .I57 2005
082 04 - DEWEY DECIMAL CLASSIFICATION NUMBER
Classification number 709.940749441
Edition number 22
300 ## - PHYSICAL DESCRIPTION
Dimensions 20 cm.
100 ## - MAIN ENTRY--PERSONAL NAME
Personal name Hobsbawm, Eric
9 (RLIN) 50381
245 00 - TITLE STATEMENT
Title Interesting times :
Remainder of title a twentieth-century life /
Statement of responsibility, etc Eric Hobsbawm
260 ## - PUBLICATION, DISTRIBUTION, ETC. (IMPRINT)
Place of publication, distribution, etc London :
Name of publisher, distributor, etc Abacus,
Date of publication, distribution, etc 2002.
300 ## - PHYSICAL DESCRIPTION
Extent xiv, 447 p. :
504 ## - BIBLIOGRAPHY, ETC. NOTE
Bibliography, etc Includes bibliographical references.
700 1# - ADDED ENTRY--PERSONAL NAME
Personal name Storer, Russell.
9 (RLIN) 50382
710 2# - ADDED ENTRY--CORPORATE NAME
Corporate name or jurisdiction name as entry element Museum of Contemporary Art (Sydney, N.S.W.)
9 (RLIN) 50383
906 ## - LOCAL DATA ELEMENT F, LDF (RLIN)
a 7
b cbc
c pccadap
d 3
e ncip
f 20
g y-gencatlg
942 ## - ADDED ENTRY ELEMENTS (KOHA)
Source of classification or shelving scheme Library of Congress Classification
Koha item type Monograph ( Printed materials)
Holdings
Withdrawn status Lost status Source of classification or shelving scheme Damaged status Not for loan Collection code Home library Current library Shelving location Date acquired Total Checkouts Full call number Barcode Date last seen Price effective from Koha item type
    Library of Congress Classification     Main Collection ARRUPE LIBRARY ARRUPE LIBRARY Main Collection 08/10/2021   N7400.2 .I57 2005 46600007681 08/10/2021 08/10/2021 Monograph ( Printed materials)

 

Arrupe Library. PO Box MP320 Mt Pleasant, Harare, Zimbabwe
263 242 745411|librarian@aju.ac.zw